|
|
|
|
| LEADER |
00000nam a22000007a 4500 |
| 005 |
20190730222730.0 |
| 007 |
cr|||| |||| |
| 008 |
190730c20169999co kr|wos|||| 0|||b1spa d |
| 035 |
|
|
|a 13011
|
| 040 |
|
|
|a vLex
|
| 090 |
|
|
|c 9080
|d 9080
|
| 100 |
1 |
|
|a Fonseca Prada, Eduardo
|
| 245 |
1 |
0 |
|a Prc̀tico Contratacin̤ Estatal
|h [Recurso electrn̤ico] /
|c Eduardo Fonseca Prada, Zaida Liliana Cepeda Camacho, Lus̕ Fernando Oliveros Villarreal, Natalia Pardo del Toro, Laura Amaya Cantor, Consultora̕ Contractual S.A.S.
|
| 256 |
|
|
|a Servicio en ln̕ea
|
| 300 |
|
|
|a 1 recurso electrn̤ico
|
| 310 |
|
|
|a Actualizado continuamente
|
| 500 |
|
|
|a El prc̀tico de contratacin̤ estatal es una publicacin̤ acadm̌ica informativa y de anl̀isis en donde se presenta un desarrollo de los temas bs̀icos relacionados con la contratacin̤ pb︢lica en Colombia. Lo anterior tiene como soporte la normativa nacional —incluso internacional en algunos determinados tp̤icos—, as ̕como doctrina jurd̕ica y judicial, las cuales comprenden pronunciamientos de reconocidos autores en la materia, laudos arbitrales y jurisprudencia de diferentes cortes (Consejo de Estado y la corte Constitucional). Adicionalmente, a lo largo del prc̀tico encontrarǹ las principales posiciones jurd̕icas que existen frente a los temas, as ̕como anl̀isis y comentarios a algunas de las posturas recientemente adoptadas por el Consejo de Estado, con el props̤ito de que el lector cuente con informacin̤ necesaria para tener un conocimiento general sobre la contratacin̤ estatal en Colombia, su rǧimen y sus actuales tendencias jurisprudenciales.
|
| 506 |
1 |
|
|a Disponible solo en los productos indicados
|d vLex Global
|d vLex Global (Academic Edition, excluding Law Schools)
|d vLex Global (U.S. Academic Edition, Law Schools)
|d vLex Global (U.S. Academic Edition, excluding Law Schools)
|d vLex Global (Academic Edition, Law Schools)
|
| 650 |
0 |
4 |
|a Concursos
|z Colombia
|
| 650 |
0 |
4 |
|a Contratacin̤ administrativa
|z Colombia
|
| 700 |
1 |
|
|a Cepeda Camacho, Zaida Liliana
|
| 700 |
1 |
|
|a Oliveros Villarreal, Lus̕ Fernando
|
| 700 |
1 |
|
|a Pardo del Toro, Natalia
|
| 700 |
1 |
|
|a Amaya Cantor, Laura
|
| 700 |
1 |
|
|a S.A.S., Consultora̕ Contractual
|
| 740 |
0 |
|
|a Prc̀ticos vLex (servicio en ln̕ea)
|
| 856 |
4 |
0 |
|u http://vlex.com/source/13011
|z Acceso restringido
|
| 942 |
|
|
|c REV
|
| 999 |
0 |
|
|a Contests
|
| 999 |
0 |
|
|a Administrative hiring
|